| 000 | 00000nam 2200000zi 4500 |
| 001 | 9.939196 |
| 003 | CaOODSP |
| 005 | 20240627093121 |
| 006 | m o d f |
| 007 | cr cn||||||||| |
| 008 | 240611t20242024quca ob f000 0 eng d |
| 020 | |a9780660723013 |
| 040 | |aCaOODSP|beng|erda|cCaOODSP |
| 043 | |an-cn--- |
| 086 | 1 |aEn4-726/2024E-PDF |
| 245 | 00|aEvaluation of the Conservation Exchange pilot : |bfinal report. |
| 264 | 1|aGatineau Quebec : |bEnvironment and Climate Change Canada = Environnement et changement climatique Canada, |cJune 2024. |
| 264 | 4|c©2024 |
| 300 | |a1 online resource (37 pages) : |billustrations |
| 336 | |atext|btxt|2rdacontent |
| 337 | |acomputer|bc|2rdamedia |
| 338 | |aonline resource|bcr|2rdacarrier |
| 500 | |aCover title. |
| 500 | |aIssued also in French under title: Évaluation du projet pilote de la Bourse de la conservation : rapport final. |
| 504 | |aIncludes bibliographical references (pages 36-37). |
| 520 | |a"This report presents the evaluation of Environment and Climate Change Canada (ECCC)’s three-year Conservation Exchange (CX) pilot, a component of the Enhanced Nature Legacy horizontal initiative funded from 2021-22 to 2023-24 ... Species and ecosystems around the world are declining at an unprecedented rate. According to the Intergovernmental Science-Policy Platform on Biodiversity and Ecosystem Services, nature loss is primarily driven by land-use and sea-use change, direct overexploitation of natural species, climate change impacts, pollution, and invasive alien species ... The pilot is a voluntary program through which participating businesses can receive official recognition from the Government of Canada for funding conservation projects with measurable positive impacts on biodiversity"--Introduction, pages 4-6. |
| 650 | 0|aHabitat conservation|zCanada. |
| 650 | 0|aBiodiversity conservation|zCanada. |
| 650 | 0|aEnvironmental auditing|zCanada. |
| 650 | 0|aEnvironmental impact analysis|zCanada. |
| 650 | 0|aEnvironmental protection|zCanada|xFinance|xEvaluation. |
| 710 | 1 |aCanada. |bEnvironment and Climate Change Canada. |bAudit and Evaluation Branch, |eissuing body. |
| 775 | 08|tÉvaluation du projet pilote de la Bourse de la conservation : |w(CaOODSP)9.939198 |
| 856 | 40|qPDF|s767 KB|uhttps://publications.gc.ca/collections/collection_2024/eccc/en4/En4-726-2024-eng.pdf |
| 986 | |aEC 24013.05 |